[Event "SR 3. liga A2 2018/2019"]
[Site "?"]
[Date "2019.03.10"]
[Round "10.4"]
[White "Pericka, Pavol"]
[Black "Husek, Lubomir"]
[Result "0-1"]
[WhiteElo "1806"]
[BlackElo "1886"]
[PlyCount "91"]
[EventDate "2018.??.??"]

1. e4 e5 2. Bc4 Nc6 3. Nf3 Be7 4. Nc3 Nf6 5. d3 O-O 6. Nd5 d6 7. Nxe7+ Qxe7 8.
Bg5 h6 9. Bh4 Na5 10. Bb5 c6 11. Ba4 b5 12. Qd2 Nb7 13. Bb3 Nc5 14. h3 a5 15.
c4 Nxb3 16. axb3 b4 17. Nh2 Kh7 18. Ng4 Bxg4 19. hxg4 Qe6 20. g5 Ng8 21. f4
exf4 22. Qxf4 Qe5 23. Qd2 f5 24. gxf6 Nxf6 25. O-O-O Ng8 26. g4 Qf4 27. g5
Qxd2+ 28. Rxd2 Rf3 29. Kc2 Re8 30. Rg2 Re6 31. Rhg1 Rg6 32. gxh6 Rxg2+ 33. Rxg2
Nxh6 34. Bd8 Nf7 35. Bxa5 c5 36. Rd2 g5 37. d4 g4 38. dxc5 dxc5 39. Bb6 Ng5 40.
Bxc5 Nxe4 41. Rh2+ Kg6 42. Bxb4 g3 43. Re2 Rf2 44. Kd3 g2 45. Rxe4 g1=Q 46. Bd2
0-1

[Event "SR 3. liga A2 2018/2019"]
[Site "?"]
[Date "2019.03.10"]
[Round "10.4"]
[White "Hrubos, Milan"]
[Black "Skapik, Branislav"]
[Result "1/2-1/2"]
[WhiteElo "1790"]
[BlackElo "1751"]
[PlyCount "144"]
[EventDate "2018.??.??"]

1. e4 d5 2. exd5 Nf6 3. Nc3 Nxd5 4. d4 e6 5. a3 c5 6. Nf3 Nc6 7. Bb5 Nxc3 8.
bxc3 Qb6 9. Bxc6+ Qxc6 10. O-O Bd6 11. Be3 O-O 12. Qe2 b6 13. Rfd1 Bb7 14. a4
Rac8 15. Rdc1 Qe4 16. a5 e5 17. axb6 axb6 18. dxe5 Bxe5 19. Ra3 Rfe8 20. h3 f5
21. Qd3 Qxd3 22. cxd3 Bxf3 23. gxf3 f4 24. Bd2 Red8 25. d4 cxd4 26. cxd4 Rxc1+
27. Bxc1 Rxd4 28. Ra8+ Kf7 29. Ba3 Rd1+ 30. Kg2 Ra1 31. Rf8+ Kg6 32. Bb4 Ra4
33. Bd2 b5 34. Rc8 Rc4 35. Ra8 Bc3 36. Ra6+ Kf5 37. Bxc3 Rxc3 38. Ra5 Rb3 39.
h4 h6 40. Ra7 g5 41. h5 g4 42. Rf7+ Kg5 43. Rg7+ Kxh5 44. Rxg4 Rb4 45. Kf1 Rc4
46. Ke2 b4 47. Rg1 Rd4 48. Rg8 Kh4 49. Rg4+ Kh5 50. Rg8 b3 51. Rb8 Kh4 52. Rxb3
h5 53. Rb8 Rd5 54. Rf8 Kg5 55. Rg8+ Kh6 56. Rf8 Rd4 57. Re8 Rd6 58. Rh8+ Kg5
59. Rg8+ Kf5 60. Rh8 Kg6 61. Rg8+ Kf7 62. Rh8 Rd5 63. Rh7+ Kg6 64. Rh8 Kg7 65.
Re8 h4 66. Re4 Rf5 67. Kf1 Kg6 68. Kg2 Kg5 69. Re8 Rf6 70. Rg8+ Rg6 71. Rxg6+
Kxg6 72. Kh3 Kh5 1/2-1/2

[Event "SR 3. liga A2 2018/2019"]
[Site "?"]
[Date "2019.03.10"]
[Round "10.4"]
[White "Ulehla, Jakub"]
[Black "Benak, Peter"]
[Result "1/2-1/2"]
[WhiteElo "1724"]
[BlackElo "1627"]
[PlyCount "72"]
[EventDate "2018.??.??"]

1. e4 e5 2. Nf3 Nf6 3. Nxe5 d6 4. Nf3 Nxe4 5. d4 d5 6. Bd3 Be7 7. O-O O-O 8.
Re1 Bf5 9. Nbd2 Nxd2 10. Bxf5 Nxf3+ 11. Qxf3 c6 12. Qh3 g6 13. Bh6 Re8 14. Bd3
Bf6 15. c3 Bg7 16. Bf4 Nd7 17. Kf1 Nf8 18. Rxe8 Qxe8 19. Re1 Ne6 20. Bd2 Qd7
21. f4 Re8 22. f5 Nf8 23. Rxe8 Qxe8 24. fxg6 fxg6 25. Qe3 Qxe3 26. Bxe3 Kf7 27.
Ke2 Ne6 28. Kd2 Bf6 29. Be2 Bg5 30. Bg4 Bxe3+ 31. Kxe3 Kf6 32. h4 h6 33. Bxe6
Kxe6 34. Kf4 Kf6 35. g4 g5+ 36. hxg5+ hxg5+ 1/2-1/2

[Event "SR 3. liga A2 2018/2019"]
[Site "?"]
[Date "2019.03.10"]
[Round "10.4"]
[White "Stehlik, Jan"]
[Black "Hrdlicka, Martin"]
[Result "1/2-1/2"]
[WhiteElo "1616"]
[BlackElo "1511"]
[PlyCount "109"]
[EventDate "2018.??.??"]

1. e4 c5 2. c4 Nc6 3. Nc3 Nf6 4. g3 e6 5. Bg2 Be7 6. Nge2 O-O 7. O-O b6 8. d3
Rb8 9. f4 Bb7 10. h3 Ne8 11. Be3 Nc7 12. g4 d5 13. Bf2 Nd4 14. Nxd4 cxd4 15.
Bxd4 dxe4 16. dxe4 Ba6 17. b3 Bb7 18. Be3 Qc8 19. e5 Bxg2 20. Kxg2 f6 21. Qe2
Ne8 22. Rad1 a6 23. Rd3 fxe5 24. fxe5 Qc7 25. Rxf8+ Bxf8 26. Bf4 b5 27. cxb5
axb5 28. Ne4 Qc6 29. Rc3 Qd5 30. Qd3 Qb7 31. Kg3 Qa7 32. Rc2 Qg1+ 33. Rg2 Qb6
34. Be3 Qc7 35. Qc3 Qd7 36. Rd2 Qb7 37. Qd3 Qa8 38. Ng5 g6 39. Nxe6 Be7 40. Qd5
Qa5 41. Ng5+ Kh8 42. Nf7+ Kg7 43. Bh6+ Kg8 44. e6 Qc3+ 45. Qd3 Qc7+ 46. Bf4
Bh4+ 47. Kxh4 Qxf4 48. Qd4 g5+ 49. Nxg5 Qf8 50. Nf7 Qe7+ 51. Kg3 Qxe6 52. Ne5
Nf6 53. Kf4 Rf8 54. Ke3 Re8 55. Kf4 1/2-1/2

[Event "SR 3. liga A2 2018/2019"]
[Site "?"]
[Date "2019.03.10"]
[Round "10.5"]
[White "Puskar, David"]
[Black "Kalmar, Tamas"]
[Result "1/2-1/2"]
[WhiteElo "1829"]
[BlackElo "2089"]
[PlyCount "42"]
[EventDate "2018.??.??"]

1. c4 c6 2. Nc3 d5 3. d4 Nf6 4. Nf3 e6 5. Bf4 Nbd7 6. e3 Qa5 7. a3 Ne4 8. Qa4
Qxa4 9. Nxa4 dxc4 10. Bxc4 Ndf6 11. Bd3 b5 12. Nc3 Nxc3 13. bxc3 Nd5 14. Bg3
Nxc3 15. O-O Bb7 16. Rfc1 b4 17. Ne5 a5 18. Nc4 Ba6 19. axb4 Bxb4 20. Bd6 Bxc4
21. Bxb4 Bxd3 1/2-1/2

[Event "SR 3. liga A2 2018/2019"]
[Site "?"]
[Date "2019.03.10"]
[Round "10.5"]
[White "Merva, Frantisek"]
[Black "Holicky, Miroslav"]
[Result "1-0"]
[WhiteElo "2065"]
[BlackElo "1775"]
[PlyCount "53"]
[EventDate "2018.??.??"]

1. e4 c5 2. Nf3 e6 3. d4 cxd4 4. Nxd4 Nf6 5. Nc3 d6 6. g4 h6 7. h3 Nc6 8. Bg2
Bd7 9. Be3 Nxd4 10. Qxd4 Bc6 11. O-O-O Nd7 12. f4 Qf6 13. Qd2 Nb6 14. Bxb6 axb6
15. e5 Qd8 16. Bxc6+ bxc6 17. exd6 Kd7 18. Rhe1 g6 19. Qd4 Rg8 20. f5 gxf5 21.
gxf5 Bg7 22. fxe6+ fxe6 23. Qc4 Re8 24. Kb1 Qf6 25. Rf1 Qe5 26. Rf7+ Kd8 27.
Qxc6 1-0

[Event "SR 3. liga A2 2018/2019"]
[Site "?"]
[Date "2019.03.10"]
[Round "10.5"]
[White "Babirat, Michal"]
[Black "Csefalvay, Stefan"]
[Result "1-0"]
[WhiteElo "1880"]
[BlackElo "1772"]
[PlyCount "91"]
[EventDate "2018.??.??"]

1. c4 c5 2. Nc3 g6 3. g3 Bg7 4. Bg2 e6 5. e4 Ne7 6. Nge2 Nbc6 7. O-O O-O 8. f4
d6 9. a3 a6 10. Rb1 Qa5 11. d3 Rb8 12. Bd2 Qc7 13. b4 cxb4 14. axb4 Nd4 15. Be3
Nxe2+ 16. Nxe2 b6 17. Qd2 Bb7 18. Nc3 Rfd8 19. b5 a5 20. Na4 Ba8 21. Qf2 Nc8
22. Rbc1 h6 23. g4 Rd7 24. h4 Qd8 25. g5 d5 26. cxd5 exd5 27. f5 dxe4 28. gxh6
Bd4 29. Bxd4 Rxd4 30. fxg6 f6 31. Qxf6 Qxf6 32. Rxf6 Nd6 33. dxe4 Nxe4 34. Bxe4
Bxe4 35. Rxb6 Rbd8 36. Nc5 Bf5 37. h5 Rh4 38. h7+ Kh8 39. Ne6 Bxe6 40. Rxe6
Rxh5 41. b6 Rb5 42. Rce1 Rf5 43. Re8+ Rf8 44. Rxf8+ Rxf8 45. Re7 a4 46. Ra7 1-0

[Event "SR 3. liga A2 2018/2019"]
[Site "?"]
[Date "2019.03.10"]
[Round "10.5"]
[White "Meszaros, Lorant"]
[Black "Ganzova, Veronika"]
[Result "1/2-1/2"]
[WhiteElo "1935"]
[BlackElo "1597"]
[PlyCount "83"]
[EventDate "2018.??.??"]

1. d4 Nf6 2. c4 g6 3. Nf3 Bg7 4. Nc3 d6 5. g3 O-O 6. Bg2 Nbd7 7. O-O e5 8. e4
Re8 9. h3 exd4 10. Nxd4 Nc5 11. Re1 Ne6 12. Nf3 Nd7 13. Qc2 Ne5 14. Nxe5 dxe5
15. Be3 c6 16. Ne2 Qf6 17. Rad1 Ng5 18. Bxg5 Qxg5 19. f4 exf4 20. gxf4 Qh4 21.
Qd3 Be6 22. b3 Rad8 23. Qf3 Rd2 24. Rf1 Red8 25. Rxd2 Rxd2 26. a4 Bxh3 27. Bxh3
Rxe2 28. Qxe2 Qxh3 29. e5 Qg3+ 30. Qg2 Qxb3 31. Qg5 Qe3+ 32. Kg2 Qe2+ 33. Rf2
Qxc4 34. Rd2 h6 35. Qd8+ Kh7 36. Qd4 Qe6 37. Qd7 Qb3 38. e6 fxe6 39. Qf7 Qe3
40. Rd7 Qe2+ 41. Kg3 Qe3+ 42. Kg2 1/2-1/2

[Event "SR 3. liga A2 2018/2019"]
[Site "?"]
[Date "2019.03.10"]
[Round "10.5"]
[White "Ganz, Marek"]
[Black "Szocs, Ladislav"]
[Result "0-1"]
[WhiteElo "1670"]
[BlackElo "1825"]
[PlyCount "116"]
[EventDate "2018.??.??"]

1. e4 e5 2. Nf3 Nf6 3. Nc3 Bb4 4. a3 Bxc3 5. bxc3 O-O 6. d3 d5 7. exd5 Qxd5 8.
c4 Qd6 9. Be2 e4 10. Nd2 Bf5 11. Nb3 exd3 12. cxd3 c5 13. Be3 b6 14. O-O Nc6
15. Qd2 Rad8 16. Rad1 Nd4 17. Bxd4 cxd4 18. Qb2 Rfe8 19. Rfe1 h6 20. Nd2 Re5
21. h3 Ra5 22. Nb3 Qxa3 23. Qc2 Qa2 24. Qxa2 Rxa2 25. Ra1 Rb2 26. Nc1 a5 27.
Ra3 Re8 28. Kf1 Rb1 29. Rb3 Rxb3 30. Nxb3 Rd8 31. Nd2 Nd7 32. g4 Bg6 33. f4 f5
34. Nf3 Nc5 35. Ne5 Bh7 36. Rd1 g5 37. fxg5 hxg5 38. Nf3 fxg4 39. hxg4 Ne6 40.
Rb1 Rd6 41. Rb5 Nc5 42. Nxg5 Bxd3 43. Bxd3 Nxd3 44. Ne4 Re6 45. Ng3 Nc5 46. Ne2
d3 47. Nc3 d2 48. Rb1 Nd3 49. Ne2 Rc6 50. Rd1 Rxc4 51. Rxd2 Nf4 52. Rd4 Rxd4
53. Nxd4 Kf7 54. Ke1 Kf6 55. Kd2 Ke5 56. Kc3 Ne6 57. Nb5 Kd5 58. Kb3 Nd4+ 0-1

[Event "SR 3. liga A2 2018/2019"]
[Site "?"]
[Date "2019.03.10"]
[Round "10.5"]
[White "Both, Lajos"]
[Black "Benkovsky, Peter"]
[Result "1-0"]
[WhiteElo "1778"]
[BlackElo "1662"]
[PlyCount "107"]
[EventDate "2018.??.??"]

1. Nf3 d5 2. c4 e6 3. b3 Nf6 4. Bb2 Be7 5. g3 O-O 6. Bg2 c5 7. O-O Nc6 8. e3
Qb6 9. Qe2 Rd8 10. Na3 Bd7 11. Rfd1 Nb4 12. Ne5 Bc6 13. Nxc6 Nxc6 14. cxd5 Nxd5
15. Nc4 Qc7 16. Rac1 Bf6 17. Bxf6 Nxf6 18. d3 Rac8 19. Rd2 b6 20. Rcd1 Ne5 21.
Na3 Nd5 22. Rc1 Nb4 23. d4 Nec6 24. dxc5 Rxd2 25. Qxd2 Rd8 26. cxb6 Qxb6 27.
Qe2 Ne5 28. Nc4 Qc5 29. Be4 f5 30. Bg2 Kf7 31. Qh5+ Kg8 32. Qe2 g6 33. e4 Qd4
34. exf5 Nbd3 35. Rf1 gxf5 36. Nxe5 Qxe5 37. Qxe5 Nxe5 38. Re1 Ng4 39. f3 Nf6
40. Rxe6 Kf7 41. Re2 Rd3 42. Kf2 Nd5 43. f4 Nc3 44. Rc2 Nb5 45. Ke2 Rd7 46. Rc5
Nd4+ 47. Ke3 Kf6 48. Bd5 Ne6 49. Bxe6 Kxe6 50. b4 Rd1 51. Rc7 Rd7 52. Rxd7 Kxd7
53. Kd4 Kd6 54. a4 1-0

[Event "SR 3. liga A2 2018/2019"]
[Site "?"]
[Date "2019.03.10"]
[Round "10.5"]
[White "Nemcovic, Peter"]
[Black "Rozsas, Daniel"]
[Result "1-0"]
[WhiteElo "1633"]
[BlackElo "1743"]
[PlyCount "73"]
[EventDate "2018.??.??"]

1. e4 c5 2. Nf3 e6 3. c3 Nc6 4. Bb5 a6 5. Ba4 Qc7 6. O-O Nf6 7. Re1 b5 8. Bc2
d6 9. d4 cxd4 10. cxd4 e5 11. d5 Na5 12. b3 Be7 13. Bd2 Nb7 14. Nc3 Bg4 15. Bd3
Nc5 16. Qe2 O-O 17. Rac1 h6 18. Nd1 Qd8 19. Bb1 Nh7 20. Ne3 Bh5 21. Nf1 Bg5 22.
Ne3 Qf6 23. b4 Bxf3 24. gxf3 Qg6 25. Kh1 Na4 26. Rg1 Qh5 27. Nf5 g6 28. Nxd6
Bxd2 29. Qxd2 Qxf3+ 30. Rg2 h5 31. Qh6 Qf6 32. Rc6 Qg7 33. Qe3 Nf6 34. Nf5 Qh8
35. Qg5 Ne8 36. Ne7+ Kh7 37. Rxg6 1-0

[Event "SR 3. liga A2 2018/2019"]
[Site "?"]
[Date "2019.03.10"]
[Round "10.5"]
[White "Lelkes, Gejza"]
[Black "Slezak, Vladimir"]
[Result "0-1"]
[WhiteElo "1491"]
[BlackElo "1510"]
[PlyCount "72"]
[EventDate "2018.??.??"]

1. e4 e5 2. Nc3 Nc6 3. a3 g6 4. Bc4 Bg7 5. d3 d6 6. h3 Be6 7. Bxe6 fxe6 8. Qf3
Nd4 9. Qd1 Qf6 10. Be3 a6 11. Nge2 Ne7 12. O-O Nec6 13. Ng3 h5 14. Nh1 Bh6 15.
Bxh6 Rxh6 16. Qd2 g5 17. b4 g4 18. hxg4 hxg4 19. Qd1 Qh4 20. f4 g3 21. Nxg3
Qxg3 22. Ne2 Qe3+ 23. Rf2 Nxe2+ 24. Qxe2 Qxe2 25. Rxe2 exf4 26. c3 O-O-O 27.
Kf2 Rg8 28. Rg1 Ne5 29. Kf1 Nxd3 30. Rd2 Ne5 31. a4 Rf6 32. Rf2 Ng4 33. Rf3
Nh2+ 34. Ke2 Nxf3 35. Kxf3 Rg3+ 36. Kf2 Rfg6 0-1

[Event "SR 3. liga A2 2018/2019"]
[Site "?"]
[Date "2019.03.10"]
[Round "10.6"]
[White "Gasa, Andrej"]
[Black "Koutny, Petr"]
[Result "1-0"]
[WhiteElo "2235"]
[BlackElo "2229"]
[PlyCount "129"]
[EventDate "2018.??.??"]

1. e4 c5 2. Nf3 d6 3. c3 Nf6 4. h3 Nc6 5. Bd3 e6 6. Bc2 Bd7 7. O-O Be7 8. Re1
O-O 9. d4 cxd4 10. cxd4 Nb4 11. Bb3 d5 12. e5 Ne4 13. Nc3 Nxc3 14. bxc3 Nc6 15.
Qd3 Rc8 16. Bc2 g6 17. Bh6 Re8 18. Nh2 Qc7 19. Ng4 Nb4 20. cxb4 Qxc2 21. Qf3
Qf5 22. Qg3 Qh5 23. Re3 Bh4 24. Qf3 Qf5 25. Bf4 Qc2 26. Nh6+ Kg7 27. g3 Be7 28.
h4 f5 29. exf6+ Bxf6 30. Ng4 Bxd4 31. Bh6+ Kh8 32. Re5 Bxe5 33. Nxe5 Qf5 34.
Qxf5 exf5 35. Nxd7 Rcd8 36. Nc5 b6 37. Nd3 Kg8 38. a4 Re4 39. a5 b5 40. a6 Rc8
41. Ra3 Rec4 42. Bd2 Rc2 43. Be1 d4 44. Ra1 R8c4 45. Kg2 Kf8 46. Ra5 Rc6 47.
Rxb5 Rxa6 48. Rd5 Rc4 49. Ne5 Rc1 50. Bd2 Rc7 51. Rxd4 Ke7 52. b5 Ra2 53. Nc6+
Ke6 54. Bf4 Rd7 55. Rb4 Kd5 56. Rb1 Ra4 57. Be3 a5 58. Bb6 Rb7 59. Rd1+ Kc4 60.
Nxa5+ Rxa5 61. Bxa5 Rxb5 62. Bd8 f4 63. g4 h5 64. gxh5 Rxh5 65. Bg5 1-0

[Event "SR 3. liga A2 2018/2019"]
[Site "?"]
[Date "2019.03.10"]
[Round "10.6"]
[White "Kucharek, Jaroslav"]
[Black "Sebesta, Radovan"]
[Result "1/2-1/2"]
[WhiteElo "2048"]
[BlackElo "1998"]
[PlyCount "51"]
[EventDate "2018.??.??"]

1. d4 Nf6 2. c4 e6 3. g3 d5 4. Bg2 Be7 5. Nf3 O-O 6. O-O Nbd7 7. Nc3 c6 8. Nd2
Re8 9. e4 dxe4 10. Ndxe4 Nxe4 11. Bxe4 Nf6 12. Bg2 Qc7 13. Bf4 Bd6 14. Bg5 Be7
15. Rc1 h6 16. Bxf6 Bxf6 17. Ne4 Be7 18. d5 Rd8 19. Qb3 c5 20. Rfd1 Qb6 21. Rd3
Bd7 22. Qd1 Rab8 23. Nc3 Bf6 24. b3 Qa5 25. Ne4 Bd4 26. a4 1/2-1/2

[Event "SR 3. liga A2 2018/2019"]
[Site "?"]
[Date "2019.03.10"]
[Round "10.6"]
[White "Palka, Miroslav"]
[Black "Hrubsa, Marian"]
[Result "1/2-1/2"]
[WhiteElo "1868"]
[BlackElo "1887"]
[PlyCount "83"]
[EventDate "2018.??.??"]

1. c4 f5 2. d4 Nf6 3. Nf3 e6 4. g3 Be7 5. Bg2 O-O 6. O-O d6 7. Nc3 Qe8 8. b4 a6
9. Re1 Qh5 10. e4 fxe4 11. Nxe4 Nxe4 12. Rxe4 Bf6 13. Bb2 Nc6 14. Qd2 Bd7 15.
Rae1 Ne7 16. g4 Qg6 17. g5 Bc6 18. Rxe6 Bxf3 19. Bxf3 Bxg5 20. Qe2 Bf6+ 21. Kh1
Qf7 22. Bxb7 Rab8 23. Rxe7 Qxe7 24. Bd5+ Kh8 25. Qxe7 Bxe7 26. Rxe7 Rxf2 27.
Ba3 Rbf8 28. Re3 Rxa2 29. Kg1 Ra1+ 30. Kg2 Ra2+ 31. Kg3 Ra1 32. Bb2 Rg1+ 33.
Bg2 h6 34. Bc3 Rf6 35. Re2 h5 36. h3 Rd1 37. Bd2 Rf8 38. Bb7 Rg1+ 39. Kh2 Ra1
40. Bc3 Ra3 41. Bb2 Rb3 42. Bxa6 1/2-1/2

[Event "SR 3. liga A2 2018/2019"]
[Site "?"]
[Date "2019.03.10"]
[Round "10.6"]
[White "Londin, Martin"]
[Black "Skapikova, Lubica"]
[Result "1/2-1/2"]
[WhiteElo "1910"]
[BlackElo "1877"]
[PlyCount "125"]
[EventDate "2018.??.??"]

1. e4 e5 2. Nf3 Nc6 3. d4 exd4 4. Bc4 Be7 5. Nxd4 Nf6 6. Nc3 d6 7. O-O O-O 8.
f4 Nxd4 9. Qxd4 Be6 10. Bxe6 fxe6 11. Qc4 d5 12. Qb3 Bc5+ 13. Kh1 Bb6 14. exd5
exd5 15. Na4 c6 16. Nxb6 Qxb6 17. Be3 Qxb3 18. axb3 b6 19. b4 Rfe8 20. Ra3 Ne4
21. Rfa1 Nd6 22. Bg1 Nb5 23. R3a2 Rad8 24. c3 Re2 25. g3 Rde8 26. Bd4 Nxd4 27.
cxd4 Re1+ 28. Rxe1 Rxe1+ 29. Kg2 Rd1 30. b5 cxb5 31. Rxa7 Rxd4 32. Kf3 Rd2 33.
Rd7 b4 34. Ke3 Rxb2 35. Rxd5 Rxh2 36. Rb5 Rb2 37. Rxb6 Rb3+ 38. Ke4 Rxg3 39.
Rxb4 Kf7 40. Rb6 Rg1 41. Ke5 Re1+ 42. Kf5 Re7 43. Ra6 Rb7 44. Kg5 h6+ 45. Kf5
Rb5+ 46. Kg4 h5+ 47. Kg3 Rf5 48. Rb6 Rf6 49. Rb7+ Kg6 50. Rb5 Kh6 51. Rb7 Rg6+
52. Kh3 Rg4 53. Rb6+ Kh7 54. Rb5 g6 55. f5 g5 56. Rb7+ Kg8 57. f6 Kf8 58. Rg7
Rg1 59. Kh2 Rg4 60. Kh3 Rh4+ 61. Kg3 Rg4+ 62. Kh3 Rg1 63. Kh2 1/2-1/2

[Event "SR 3. liga A2 2018/2019"]
[Site "?"]
[Date "2019.03.10"]
[Round "10.6"]
[White "Palka, Martin"]
[Black "Harastova, Viera"]
[Result "1-0"]
[WhiteElo "1837"]
[BlackElo "1817"]
[PlyCount "95"]
[EventDate "2018.??.??"]

1. e4 e5 2. Nf3 Nc6 3. Bb5 a6 4. Ba4 Be7 5. O-O b5 6. Bb3 Nf6 7. Re1 O-O 8. c3
d6 9. h3 Be6 10. Bc2 Qc8 11. d3 h6 12. Nbd2 Nh7 13. Nf1 f5 14. exf5 Bxf5 15.
Ng3 Bg6 16. Bb3+ Kh8 17. d4 Na5 18. dxe5 Nxb3 19. Qxb3 Qb7 20. Qe6 Bf7 21. Qxe7
Rae8 22. Qh4 Bd5 23. Bd2 Bxf3 24. gxf3 Qxf3 25. Rf1 Rxe5 26. Qg4 Qf7 27. f4 Rd5
28. Qe2 Qg6 29. Kh2 Re8 30. Qg2 Qd3 31. Rae1 Nf6 32. Rxe8+ Nxe8 33. Rf2 Nf6 34.
Qf1 Qg6 35. f5 Qf7 36. c4 Re5 37. Bc3 Rc5 38. cxb5 Rxb5 39. a4 Rb6 40. Qe2 d5
41. Qe3 Kh7 42. Qc5 Qd7 43. Re2 Rd6 44. Qd4 c5 45. Qxc5 d4 46. Bd2 Rd5 47. Qf8
Qc7 48. Re7 1-0

[Event "SR 3. liga A2 2018/2019"]
[Site "?"]
[Date "2019.03.10"]
[Round "10.6"]
[White "Vach, Jozef"]
[Black "Lanik, Miroslav"]
[Result "1/2-1/2"]
[WhiteElo "1718"]
[BlackElo "1852"]
[PlyCount "48"]
[EventDate "2018.??.??"]

1. d4 d5 2. c4 c6 3. Nc3 Nf6 4. Nf3 e6 5. e3 Nbd7 6. Bd3 dxc4 7. Bxc4 b5 8. Bd3
Bb7 9. O-O Bd6 10. Ne4 Nxe4 11. Bxe4 Nf6 12. Bd3 a6 13. b3 c5 14. Bb2 O-O 15.
Rc1 Rc8 16. Qe2 Be4 17. Nd2 Bxd3 18. Qxd3 cxd4 19. exd4 Be7 20. Nf3 Nd5 21. a3
Bf6 22. Rfd1 Qd6 23. g3 Rfd8 24. Rxc8 Rxc8 1/2-1/2

[Event "SR 3. liga A2 2018/2019"]
[Site "?"]
[Date "2019.03.10"]
[Round "10.6"]
[White "Huska, Branislav"]
[Black "Vepy, Ivan"]
[Result "1/2-1/2"]
[WhiteElo "1836"]
[BlackElo "1830"]
[PlyCount "97"]
[EventDate "2018.??.??"]

1. e4 e5 2. Nf3 Nc6 3. Bb5 a6 4. Ba4 b5 5. Bb3 d6 6. d4 exd4 7. Bd5 Nge7 8. O-O
Nxd5 9. exd5 Ne5 10. Nxd4 Bd7 11. f4 Ng4 12. Re1+ Be7 13. Qe2 Nf6 14. Nc6 Bxc6
15. dxc6 d5 16. Nd2 Qd6 17. b3 Ne4 18. Nxe4 dxe4 19. Qxe4 Kf8 20. Bb2 Bf6 21.
Bxf6 Qxf6 22. Rad1 Rd8 23. Rd7 g6 24. Qe7+ Kg7 25. Qxf6+ Kxf6 26. Rxc7 Rd2 27.
Ree7 Rf8 28. c4 bxc4 29. bxc4 Rd4 30. Red7 Rxf4 31. Ra7 Rxc4 32. Rxa6 Rc8 33.
c7+ Ke5 34. Ra7 Ke6 35. Rd2 R8xc7 36. Rxc7 Rxc7 37. a4 Ra7 38. Rd4 Ra5 39. Kf2
h5 40. h4 f6 41. Rb4 Kd5 42. Ke3 Ra6 43. Kd3 Kc5 44. Rc4+ Kd5 45. Rb4 Kc5 46.
Rc4+ Kd5 47. Rb4 Kc5 48. Rc4+ Kd5 49. Rb4 1/2-1/2

[Event "SR 3. liga A2 2018/2019"]
[Site "?"]
[Date "2019.03.10"]
[Round "10.6"]
[White "Harasta, Marian"]
[Black "Kir, Kvetoslav"]
[Result "0-1"]
[WhiteElo "1646"]
[BlackElo "1787"]
[PlyCount "74"]
[EventDate "2018.??.??"]

1. d4 Nf6 2. c4 g6 3. Nc3 Bg7 4. Nf3 O-O 5. e4 d6 6. Nd5 Nxe4 7. Qc2 Nf6 8.
Nxf6+ Bxf6 9. Bh6 Re8 10. Bd3 Nc6 11. h4 Nb4 12. Qc3 Nxd3+ 13. Qxd3 e5 14. dxe5
dxe5 15. Qxd8 Rxd8 16. Bg5 Bxg5 17. hxg5 e4 18. Nd2 Bf5 19. Rh4 Rd4 20. f3 Re8
21. O-O-O c5 22. b3 e3 23. Ne4 Bxe4 24. Rxe4 Rexe4 25. fxe4 e2 26. Re1 Rxe4 27.
Kd2 Rg4 28. Rxe2 Rxg5 29. a3 Rg3 30. Kc2 b6 31. Re7 Rxg2+ 32. Kc3 h5 33. Rxa7
h4 34. Re7 h3 35. Re1 h2 36. Rh1 g5 37. b4 g4 0-1

[Event "SR 3. liga A2 2018/2019"]
[Site "?"]
[Date "2019.03.24"]
[Round "11.1"]
[White "Koutny, Petr"]
[Black "Slamena, Michal"]
[Result "1-0"]
[WhiteElo "2229"]
[BlackElo "1986"]
[PlyCount "62"]
[EventDate "2018.??.??"]

1. e4 c5 2. Nc3 Nc6 3. Bb5 Nd4 4. Nf3 a6 5. Bc4 e6 6. Nxd4 cxd4 7. Ne2 b5 8.
Bd3 e5 9. O-O Nf6 10. f4 d6 11. c3 dxc3 12. dxc3 Be7 13. Kh1 O-O 14. Ng3 Qc7
15. Qe2 Bg4 16. Qf2 Be6 17. h3 Rad8 18. Be3 exf4 19. Qxf4 Nd7 20. Nh5 Ne5 21.
Qg3 Ng6 22. Bd4 Bh4 23. Qe3 f6 24. Nf4 Nxf4 25. Qxf4 Bg5 26. Qg3 Kh8 27. a4 Bc4
28. axb5 Bxb5 29. Bxb5 axb5 30. Ra2 Qc4 31. Rf5 Rf7 1-0

[Event "SR 3. liga A2 2018/2019"]
[Site "?"]
[Date "2019.03.24"]
[Round "11.1"]
[White "Malar, Pavol"]
[Black "Kucharek, Jaroslav"]
[Result "1-0"]
[WhiteElo "2066"]
[BlackElo "2048"]
[PlyCount "95"]
[EventDate "2018.??.??"]

1. e4 d6 2. d4 Nf6 3. Nc3 e5 4. dxe5 dxe5 5. Qxd8+ Kxd8 6. Bc4 Ke8 7. Nf3 Bd6
8. Bg5 Nbd7 9. O-O-O a6 10. Rhe1 h6 11. Bh4 Nb6 12. Bb3 Bg4 13. Rd3 g5 14. Bg3
Nfd7 15. Nd5 f6 16. Nd2 Nxd5 17. Bxd5 Nc5 18. Rc3 c6 19. Bb3 Nxb3+ 20. Rxb3 b5
21. f3 Be6 22. Rd3 Ke7 23. Nb3 Bc4 24. Rdd1 Bxb3 25. cxb3 Bc5 26. Rd3 Bd4 27.
Kc2 c5 28. Rb1 Rhc8 29. Be1 a5 30. Kd1 b4 31. a3 Rc6 32. h4 Rac8 33. h5 Kd6 34.
g4 Rb8 35. Rd2 c4 36. axb4 axb4 37. bxc4 b3 38. Rd3 Rxc4 39. Bc3 Ra4 40. Kd2
Rd8 41. Rd1 Rc8 42. Bxd4 Rc2+ 43. Ke1 exd4 44. Rxb3 Ke5 45. Rd2 Rac4 46. Ke2
Kf4 47. Rxc2 Rxc2+ 48. Kd3 1-0

[Event "SR 3. liga A2 2018/2019"]
[Site "?"]
[Date "2019.03.24"]
[Round "11.1"]
[White "Hrubsa, Marian"]
[Black "Bisco, Igor"]
[Result "1/2-1/2"]
[WhiteElo "1887"]
[BlackElo "2034"]
[PlyCount "102"]
[EventDate "2018.??.??"]

1. e4 e5 2. Nf3 Nc6 3. Bb5 a6 4. Bxc6 dxc6 5. O-O Bg4 6. h3 Bh5 7. d3 Qf6 8.
Be3 Bxf3 9. Qxf3 Qxf3 10. gxf3 Bd6 11. Nd2 Ne7 12. Kh1 O-O-O 13. Rg1 Ng6 14.
Rg3 c5 15. a4 a5 16. Nc4 b6 17. Rag1 Kd7 18. Bg5 Rde8 19. Be3 Bf8 20. Rg5 Ke6
21. R5g3 Bd6 22. Rg5 Be7 23. R5g3 Bd6 24. Rg5 Ne7 25. R5g3 g6 26. R3g2 Nc6 27.
Nd2 Nd4 28. c3 Nc6 29. Nc4 Rd8 30. Rd1 Rd7 31. Rgg1 Rhd8 32. Rd2 Be7 33. Rgd1
Bf6 34. b3 Be7 35. Nb2 Bf6 36. Rg1 Be7 37. Rg2 Rh8 38. Rg1 Rhd8 39. Rg2 Re8 40.
Rg1 Red8 41. Rg2 Bd6 42. Rg1 Be7 43. Rg2 c4 44. Nxc4 Rxd3 45. Rc2 Rd1+ 46. Rg1
R1d3 47. Nb2 R3d7 48. Nc4 Rd3 49. Nb2 R3d7 50. Nc4 Rd3 51. Nb2 R3d7 1/2-1/2

[Event "SR 3. liga A2 2018/2019"]
[Site "?"]
[Date "2019.03.24"]
[Round "11.1"]
[White "Starzec, Juraj"]
[Black "Londin, Martin"]
[Result "0-1"]
[WhiteElo "1949"]
[BlackElo "1910"]
[PlyCount "124"]
[EventDate "2018.??.??"]

1. e4 b6 2. d4 Bb7 3. Nc3 e6 4. Bd3 Nf6 5. Qe2 Bb4 6. Bd2 c5 7. Nf3 d5 8. exd5
Nxd5 9. Bb5+ Nc6 10. dxc5 bxc5 11. Ne5 Rc8 12. O-O O-O 13. Nxc6 Bxc6 14. Bd3
Bxc3 15. bxc3 Qf6 16. Qh5 g6 17. Qg4 h5 18. Qc4 Nb6 19. Qf4 Qxf4 20. Bxf4 Bd5
21. Rfe1 Kg7 22. a4 c4 23. Bf1 f6 24. a5 Nd7 25. Bd6 Rf7 26. f3 Nc5 27. Reb1
Rd7 28. Bg3 Na6 29. Re1 Kf7 30. Bf2 Rcc7 31. Rab1 Ke7 32. Be3 Kd6 33. Kf2 Kc6
34. Rb2 Rb7 35. Reb1 Rxb2 36. Rxb2 Rb7 37. Rxb7 Kxb7 38. f4 Nb8 39. Bd4 Nc6 40.
Bxf6 Nxa5 41. Be7 Nc6 42. Bd6 a5 43. Ke3 Na7 44. Ba3 Nb5 45. Bb2 a4 46. g3 Kc6
47. Be2 a3 48. Ba1 Kc5 49. h4 Nd6 50. g4 hxg4 51. Bxg4 Nf5+ 52. Kd2 Nxh4 53.
Kc1 Ng2 54. Kb1 Kb5 55. Ka2 Ka4 56. Kb1 Nxf4 57. Kc1 Kb5 58. Kb1 Be4 59. Ka2
Ka4 60. Kb1 Bc6 61. Kc1 e5 62. Kd2 Kb5 0-1

[Event "SR 3. liga A2 2018/2019"]
[Site "?"]
[Date "2019.03.24"]
[Round "11.1"]
[White "Harastova, Viera"]
[Black "Gajarsky, Roman"]
[Result "1/2-1/2"]
[WhiteElo "1817"]
[BlackElo "1822"]
[PlyCount "106"]
[EventDate "2018.??.??"]

1. d4 d5 2. c4 g6 3. Nc3 c6 4. e3 Bg7 5. Nf3 Nf6 6. Bd3 O-O 7. O-O Nbd7 8. cxd5
cxd5 9. Bd2 Re8 10. Rc1 a6 11. Qb3 e6 12. Na4 b5 13. Nc5 Nxc5 14. Rxc5 Nd7 15.
Rc2 Nb6 16. Ba5 Qd6 17. Bxb6 Qxb6 18. Rfc1 Bb7 19. a4 b4 20. Rc7 a5 21. Bb5
Rec8 22. Rxc8+ Rxc8 23. Rxc8+ Bxc8 24. Qc2 Bb7 25. Kf1 f6 26. Ke2 Bf8 27. g3
Kf7 28. h4 Bd6 29. h5 Ba6 30. hxg6+ hxg6 31. Bxa6 Qxa6+ 32. Qd3 Qc6 33. b3 e5
34. Ne1 e4 35. Qc2 Qa6+ 36. Kd1 f5 37. Qe2 Qc6 38. Qc2 Qxc2+ 39. Nxc2 g5 40.
Ke2 f4 41. gxf4 gxf4 42. f3 Ke6 43. fxe4 dxe4 44. exf4 Bxf4 45. Ne1 Bc1 46. Nc2
Kd5 47. Kf2 Bf4 48. Ke2 Bg5 49. Kf2 e3+ 50. Ke2 Bh6 51. Nxe3+ Kxd4 52. Nc4 Kc3
53. Nxa5 Bf8 1/2-1/2